| 000 | 00580nam a22002417a 4500 | ||
|---|---|---|---|
| 003 | NUST | ||
| 005 | 20210908115500.0 | ||
| 008 | 210908b ||||| |||| 00| 0 eng d | ||
| 020 | _a9780755371358 | ||
| 038 | _aArshad | ||
| 040 | _aNUST | ||
| 041 | _aeng | ||
| 082 |
_a823.92 _bPAR |
||
| 100 |
_aParks, Adele _982260 |
||
| 245 |
_aWhatever it takes / _cAdele Parks |
||
| 260 |
_aUK: _bHeadline review, _c2012 |
||
| 300 | _a449 p. | ||
| 563 | _apbk | ||
| 650 |
_aEngland--Dartmouth _982261 |
||
| 650 | _aWomen | ||
| 650 |
_aLife change events _982262 |
||
| 942 |
_2ddc _cBK |
||
| 999 |
_c586431 _d586431 |
||